Aventuras con microorganismos

সংরক্ষণ করুন:
গ্রন্থ-পঞ্জীর বিবরন
প্রধান লেখক: Bishop, Owen (Author)
বিন্যাস: গ্রন্থ
ভাষা:স্প্যানিশ
প্রকাশিত: Barcelona Labor 1986
সংস্করন:1a. ed
মালা:bolsillo juvenil, 59
বিষয়গুলি:
ট্যাগগুলো: ট্যাগ যুক্ত করুন
কোনো ট্যাগ নেই, প্রথমজন হিসাবে ট্যাগ করুন!

MARC

LEADER 00000nam a2200000 a 4500
001 UCH6780
003 CL-VaPUC
008 091109e19860000SP |||||||||||||||||spa|d
020 |a 8433584634 
082 0 4 |a 576  |b BIS  |2 21 
100 0 |a Bishop, Owen  |e author  |9 543381 
245 1 0 |a Aventuras con microorganismos 
250 |a 1a. ed 
300 |a 127 p 
942 |c BK 
945 |d 20091109 00:00:00  |a ccalabra 
260 |a Barcelona  |b Labor  |c 1986 
650 0 |a Biología  |9 262022 
650 0 |a Ciencias naturales  |9 260542 
650 0 |a Microbiología   |9 259706 
650 0 |a Microorganismos  |9 264259 
650 7 |a EXPERIMENTOS CIENTIFICOS  |2 CL-VaPUC  |9 320167 
650 0 |a Educación  |9 258661 
583 |a last modification  |c 20091109 00:00:00  |k Rodrigo Vera 
490 0 |a bolsillo juvenil, 59 
999 |c 337606  |d 337604